| 000 | 00406nam a22001577a 4500 | ||
|---|---|---|---|
| 003 | SGT | ||
| 020 | _a9781543345353 | ||
| 082 |
_a615.4 _bP21C |
||
| 100 | _aCHATUR, VIBHAVARI,M, | ||
| 245 | _aA TEXTBOOK OF PHARMACEUTICAL MANUFACTURING TECHNOLOGY | ||
| 260 |
_aPUNJAB _bS.VIKASH _c2021 |
||
| 300 | _a261 | ||
| 650 | _aPHARMACEUTICS | ||
| 653 | _aPHARMACEUTICS, MANUFACTURING, TECHNOLOGY | ||
| 942 |
_2ddc _cBK |
||
| 999 |
_c26404 _d26404 |
||